<?xml version="1.0" encoding="UTF-8"?>
<record
    xmlns:xsi="http://www.w3.org/2001/XMLSchema-instance"
    xsi:schemaLocation="http://www.loc.gov/MARC21/slim http://www.loc.gov/standards/marcxml/schema/MARC21slim.xsd"
    xmlns="http://www.loc.gov/MARC21/slim">

  <leader>00628naa a2200157 i 4500</leader>
  <controlfield tag="001">8928</controlfield>
  <controlfield tag="003">KOSZ 005</controlfield>
  <controlfield tag="005">20180410122703.0</controlfield>
  <controlfield tag="008">180312s2010    pl     f     |000 0 pol</controlfield>
  <datafield tag="040" ind1=" " ind2=" ">
    <subfield code="c">KOSZ 005/HR</subfield>
    <subfield code="a">KOSZ 005/HR</subfield>
  </datafield>
  <datafield tag="041" ind1=" " ind2=" ">
    <subfield code="a">pol</subfield>
    <subfield code="b">eng</subfield>
  </datafield>
  <datafield tag="100" ind1="1" ind2=" ">
    <subfield code="a">PIASKOWSKI, Krzysztof.</subfield>
    <subfield code="d">1998 - .</subfield>
    <subfield code="b">Politechnika Koszali&#x144;ska - Wydzia&#x142; In&#x17C;ynierii L&#x105;dowej, &#x15A;rodowiska i Geodezji,</subfield>
    <subfield code="c">Katedra Technologii Wody i &#x15A;ciek&#xF3;w</subfield>
  </datafield>
  <datafield tag="245" ind1="1" ind2="0">
    <subfield code="a">Pop&#x142;uczyny z uzdatniania wody podziemnej - &#x17A;r&#xF3;d&#x142;o &#x17C;elaza odpadowego / </subfield>
    <subfield code="c">Krzysztof Piaskowski.</subfield>
  </datafield>
  <datafield tag="773" ind1="0" ind2=" ">
    <subfield code="i">W :</subfield>
    <subfield code="t">Technologia Wody. - </subfield>
    <subfield code="g">2010, nr 3, s. 26-38</subfield>
    <subfield code="x">2080-1467</subfield>
  </datafield>
  <datafield tag="942" ind1=" " ind2=" ">
    <subfield code="c">ART</subfield>
    <subfield code="2">UKD</subfield>
  </datafield>
  <datafield tag="999" ind1=" " ind2=" ">
    <subfield code="c">8928</subfield>
    <subfield code="d">8928</subfield>
  </datafield>
</record>
